000 00811nam a22002057a 4500
999 _c177863
_d177863
005 20210308165654.0
010 _aENG-129166
020 _a978-81-941197-1-5
_c324.00
035 _aEN-112698
037 _bDBAD/PUB
082 _a604.2
100 _aS. Krishnaiah
245 _aEngineering Graphics: Common to all Branches for B. Tech First Year/
_cS. Krishnaiah, K. Prahlada Rao and A. V. S. Prasad
260 _aHyderabad
_bAmravati Publications
_c2019
270 _bHyderabad
_e500038
_a3326/C, Level-4, Surneni Nilayam, Near B K Gupta Park, S R Nagar
_k91 40 23710657, 238000657
_l91 40 23810657
_mstudentshelpline.in@gmail.com
300 _aviii+424p.
_c24cm(pbk)
_bIncluding illustrations.
700 _aRao, K. Prahlada
700 _aA. V. S. Prasad
942 _2ddc
_cEN
_h604.2
_mSKR